000 00235nam a22000857a 4500
008 170603b xxu||||| |||| 00| 0 eng d
100 _93245
_aPress. J
245 _aBarom beef burger and demond the dragon
260 _aNew Delhi
_bParragon
_c1997
999 _c6559
_d6559